000 00742nam a22002177a 4500
003 DO-SdBNP
005 20180215130851.0
008 180215b 2004 ||||| |||| 00| 0 spa d
020 _a0974499005
020 _a9780974499000
040 _aBPMSU
_bspa
_cBPMSU
100 1 _aBrecher, Natalie D.
245 1 0 _aProfit from the power of many :
_bhow to use mastermind teams to create success /
_cNatalie D. Brecher.
260 _a[Redondo Beach, CA] :
_bCheetah Express,
_c2004.
300 _aiii, 90 p. ;
_c22 cm.
490 1 _aCheetah Express professional achievement
830 0 _aCheetah Express professional achievement series
942 _2ddc
_cBK
945 _aInventariado, 2018 /LP
956 _aLOPEREZ
_b10
_c20180215
_hBPMSU
999 _c13300
_d13300